The Metaphysica of Avicenna (ibn Sīnā); (Record no. 1322)
[ view plain ]
| 000 -LEADER | |
|---|---|
| fixed length control field | 01232cam a2200337 4500 |
| 001 - CONTROL NUMBER | |
| control field | 1322 |
| 003 - CONTROL NUMBER IDENTIFIER | |
| rucl marc code | BD-RjUL |
| 005 - DATE AND TIME OF LATEST TRANSACTION | |
| control field | 20211208233321.0 |
| 008 - FIXED-LENGTH DATA ELEMENTS--GENERAL INFORMATION | |
| fixed length control field | 131125s1973 enk b 001 0beng |
| 020 ## - INTERNATIONAL STANDARD BOOK NUMBER | |
| International Standard Book Number | 0710074077 |
| 035 ## - SYSTEM CONTROL NUMBER | |
| System control number | (BD-RjUL) 1344 |
| 040 ## - CATALOGING SOURCE | |
| Original cataloging agency | DLC |
| Transcribing agency | DLC |
| Modifying agency | DLC |
| -- | BD-RjUL |
| Language of cataloging | eng |
| 041 ## - LANGUAGE CODE | |
| Language code of text/sound track or separate title | eng |
| 082 00 - DEWEY DECIMAL CLASSIFICATION NUMBER | |
| Classification number | 189.5 |
| Author mark and year | MOM 1973 |
| 100 1# - MAIN ENTRY--PERSONAL NAME | |
| Personal name | Morewedge, Parviz. |
| 9 (RLIN) | 3903 |
| 245 14 - TITLE STATEMENT | |
| Title | The Metaphysica of Avicenna (ibn Sīnā); |
| Remainder of title | a critical translation-commentary and analysis of the fundamental arguments in Avicenna's Metaphysica in the Dānish nāma-i 'alā'ī (The book of scientific knowledge / |
| Statement of responsibility, etc. | Parviz Morewedge. |
| 260 ## - PUBLICATION, DISTRIBUTION, ETC. (IMPRINT) | |
| Place of publication, distribution, etc. | London : |
| Name of publisher, distributor, etc. | Routledge & Kegan Paul, |
| Date of publication, distribution, etc. | 1973. |
| 300 ## - PHYSICAL DESCRIPTION | |
| Pagination | xxvii, 336 p. ; |
| Size | 23 cm. |
| 350 ## - PRICE (NR) (BK AM CF MU VM SE) [OBSOLETE] | |
| Price | £5.00 |
| 490 1# - SERIES STATEMENT | |
| Series statement | Persian heritage series, |
| Volume/sequential designation | no. 13 |
| 504 ## - BIBLIOGRAPHY, ETC. NOTE | |
| Bibliography, etc | Includes bibliographical references. |
| 600 00 - SUBJECT ADDED ENTRY--PERSONAL NAME | |
| Personal name | Avicenna, |
| Dates associated with a name | 980-1037. |
| 650 #0 - SUBJECT ADDED ENTRY--TOPICAL TERM | |
| Topical term or geographic name as entry element | Metaphysics. |
| 9 (RLIN) | 2787 |
| Topical term or geographic name as entry element | Islamic philosophy. |
| 9 (RLIN) | 3905 |
| 700 02 - ADDED ENTRY--PERSONAL NAME | |
| Personal name | Avicenna, |
| Dates associated with a name | 980-1037. |
| 830 #0 - SERIES ADDED ENTRY--UNIFORM TITLE | |
| Volume number/sequential designation | no. 13. |
| 830 #0 - SERIES ADDED ENTRY--UNIFORM TITLE | |
| Uniform title | Persian heritage series ; |
| 942 ## - ADDED ENTRY ELEMENTS (KOHA) | |
| Source of classification or shelving scheme | Dewey Decimal Classification |
| Koha item type | Books |
| Lost status | Source of classification or shelving scheme | Damaged status | Not for loan | Collection code | Permanent Location | Current Location | Shelving location | Date acquired | Source of acquisition | Cost, normal purchase price | Total Checkouts | Full call number | Date last seen | Copy number | Koha item type |
|---|---|---|---|---|---|---|---|---|---|---|---|---|---|---|---|
| Dewey Decimal Classification | Non-fiction | Central Library, University of Rajshahi | Central Library, University of Rajshahi | 22/12/1975 | Jonathan | 5.00 | 189.5 MOM 1973 | 25/11/2013 | C-2 | Books | |||||
| Dewey Decimal Classification | Not For Loan | Non-fiction | Central Library, University of Rajshahi | Central Library, University of Rajshahi | Reading Room | 22/12/1975 | Jonathan | 5.00 | 189.5 MOM 1973 | 25/11/2013 | C-1 | Books | |||
| Dewey Decimal Classification | Non-fiction | Central Library, University of Rajshahi | Central Library, University of Rajshahi | 15/11/1980 | Heffers | 7.75 | 189.5 MOM 1973 | 30/03/2014 | C-3 | Books |